00672 2200229 4500001002100000005001500021035002000036007000300056008003900059020001900098082001000117084001600127100002100143245006900164250001400233260003900247300003800286500001100324650004600335650004300381990001800424INLIS00000000000475420240103081645 a0010-0124000010ta240103 | | |  a978979534204-5 a574.5 a574.5 RIC e0 aRichard Spurgeon1 aEkologi. :bSains dan Percobaan dari Usborne /cRichard Spurgeon aCet. 1,-- aBandung. :bPT. Pakar Raya,c2009. a48 hlm. :bilus. ;c20 x 24,5 cm. aindeks aPengalih bahasa, Ervina Yudha Kusuma, S.S aPenyuynting bahasa, Ir. Rudiyanto, M.A a7416/P/S/2013